The pillage of the third world. (Record no. 39906)

MARC details
000 -LEADER
fixed length control field 01052cam a2200301 4500
001 - CONTROL NUMBER
control field 1702834
005 - DATE AND TIME OF LATEST TRANSACTION
control field 19850703000000.0
008 - FIXED-LENGTH DATA ELEMENTS--GENERAL INFORMATION
fixed length control field 680301s1968 nyu b 000 0 eng
010 ## - LIBRARY OF CONGRESS CONTROL NUMBER
LC control number 68013069
040 ## - CATALOGING SOURCE
Original cataloging agency DLC
Transcribing agency DLC
Modifying agency DLC
041 1# - LANGUAGE CODE
Language code of text/sound track or separate title engfre
043 ## - GEOGRAPHIC AREA CODE
Geographic area code d------
050 00 - LIBRARY OF CONGRESS CALL NUMBER
Classification number HC59.7
Item number .J35 1968
082 00 - DEWEY DECIMAL CLASSIFICATION NUMBER
Classification number 338.91/172/4
100 1# - MAIN ENTRY--PERSONAL NAME
Personal name Jalée, Pierre.
651 #0 - SUBJECT ADDED ENTRY--GEOGRAPHIC NAME
Geographic name Developing countries
240 10 - UNIFORM TITLE
Uniform title <a href="Pillage du tiers monde.">Pillage du tiers monde.</a>
Language of a work English
245 14 - TITLE STATEMENT
Title The pillage of the third world.
Statement of responsibility, etc Translated from the French by Mary Klopper.
260 ## - PUBLICATION, DISTRIBUTION, ETC. (IMPRINT)
Place of publication, distribution, etc New York,
Name of publisher, distributor, etc M[onthly] R[eview] Press
Date of publication, distribution, etc [1968]
300 ## - PHYSICAL DESCRIPTION
Extent xi, 115 p.
Dimensions 22 cm.
500 ## - GENERAL NOTE
General note Translation of Le pillage du tiers monde.
504 ## - BIBLIOGRAPHY, ETC. NOTE
Bibliography, etc Bibliographical footnotes.
650 #0 - SUBJECT ADDED ENTRY--TOPICAL TERM
Topical term or geographic name as entry element Imperialism.
650 #0 - SUBJECT ADDED ENTRY--TOPICAL TERM
Topical term or geographic name as entry element International economic relations.
651 #0 - SUBJECT ADDED ENTRY--GEOGRAPHIC NAME
General subdivision Economic conditions.
906 ## - LOCAL DATA ELEMENT F, LDF (RLIN)
a 7
b cbc
c orignew
d u
e ncip
f 19
g y-gencatlg
942 ## - ADDED ENTRY ELEMENTS (KOHA)
Source of classification or shelving scheme Library of Congress Classification
Item type Book
Holdings
Withdrawn status Lost status Source of classification or shelving scheme Damaged status Not for loan Collection code Home library Current library Shelving location Date acquired Source of acquisition Total Checkouts Full call number Barcode Date last borrowed Copy number Price effective from Koha item type
    Library of Congress Classification     Non-fiction Bishop Okullu Memorial Library (Limuru Campus) Bishop Okullu Memorial Library (Limuru Campus) General Circulation 01/12/2011 donation 3 HC59.7 .J35 1968 029540 27/11/2017 1 01/12/2011 Book